000 00416 a2200157 4500
005 20260417130832.0
008 260313b |||||||| |||| 00| 0 eng d
020 _a9788171304608
080 _aFM
_bPAD/U
100 _a Padmarajan,P.
245 _aUdakappola(ഉദകപ്പോള)
260 _bD C books.
_aKottayam.
_c2025.
300 _a141p.
653 _aFiction-Novel-Malayalam Literature
942 _cBK
999 _c115353
_d115352